000 00334nam a2200121 a 4500
005 20141022142002.0
008 080930s19uu xx 00 eng d
050 _aAVM
245 _aThe stanford video guide for financial statements.
650 _aDVD.
650 _aThe stanford video guide for financial statements.
942 _cAVM
999 _c276329
_d276329